[Event "Mittelrhein Verbandsliga Nord 1920"]
[Site "Mittelrhein"]
[Date "2019.10.27"]
[Round "2.1"]
[White "Kocur, Alois"]
[Black "Negele, Michael"]
[Result "1/2-1/2"]
[WhiteElo "2150"]
[BlackElo "2092"]
[PlyCount "46"]
[EventDate "2019.09.29"]
[EventType "team-tourn"]
[EventRounds "9"]
[EventCountry "GER"]
[SourceTitle "EXT 2023"]
[Source "ChessBase"]
[SourceDate "2022.10.05"]
[SourceVersion "1"]
[SourceVersionDate "2022.10.05"]
[SourceQuality "1"]
[WhiteTeam "Hitdorf SV Springer"]
[BlackTeam "Bayer Leverkusen"]
[WhiteTeamCountry "GER"]
[BlackTeamCountry "GER"]

1. e4 e6 2. d4 d5 3. e5 c5 4. c3 Nc6 5. Nf3 Qb6 6. Be2 cxd4 7. cxd4 Nh6 8. Nc3 Nf5 9. Na4 Qa5+ 10. Bd2 Bb4 11. Bc3 b5 12. a3 Bxc3+ 13. Nxc3 a6 14. g4 Nfe7 15. 0-0 Bd7 16. b4 Qd8 17. a4 Nxb4 18. axb5 axb5 19. Qb3 Nbc6 20. Nxb5 0-0 21. Qe3 Na5 22. Nd6 Bc6 23. Bd3 f5 1/2-1/2

[Event "Mittelrhein Verbandsliga Nord 1920"]
[Site "Mittelrhein"]
[Date "2019.09.29"]
[Round "1.1"]
[White "Kocur, Alois"]
[Black "Reinoehl, Christian"]
[Result "0-1"]
[WhiteElo "2150"]
[BlackElo "2115"]
[PlyCount "58"]
[EventDate "2019.09.29"]
[EventType "team-tourn"]
[EventRounds "9"]
[EventCountry "GER"]
[SourceTitle "EXT 2023"]
[Source "ChessBase"]
[SourceDate "2022.10.05"]
[SourceVersion "1"]
[SourceVersionDate "2022.10.05"]
[SourceQuality "1"]
[WhiteTeam "Hitdorf SV Springer"]
[BlackTeam "Troisdorf"]
[WhiteTeamCountry "GER"]
[BlackTeamCountry "GER"]

1. e4 e5 2. Nf3 Nc6 3. Bb5 a6 4. Ba4 Nf6 5. d4 exd4 6. 0-0 Be7 7. Re1 b5 8. Bb3 d6 9. Bd5 Nxd5 10. exd5 Ne5 11. Nxd4 Bg4 12. Qd2 Bd7 13. a4 0-0 14. f4 c5 15. Ne2 Nc4 16. Qd3 Bf6 17. c3 Re8 18. b3 Na5 19. Nd2 c4 20. bxc4 Qb6+ 21. Kf1 Bh4 22. Ng3 Rxe1+ 23. Kxe1 Qg1+ 24. Ndf1 Bxg3+ 25. hxg3 Re8+ 26. Kd1 bxc4 27. Be3 Bg4+ 28. Kc1 cxd3 29. Bxg1 Nb3+ 0-1

[Event "Mittelrhein Verbandsliga-N 18/19"]
[Site "Nordrheinwestfalen"]
[Date "2019.01.20"]
[Round "6.1"]
[White "Negele, Michael"]
[Black "Kocur, Alois"]
[Result "1/2-1/2"]
[WhiteElo "2101"]
[BlackElo "2167"]
[PlyCount "26"]
[EventDate "2018.09.02"]
[EventType "team-tourn"]
[EventRounds "12"]
[EventCountry "GER"]
[SourceTitle "EXT 2022"]
[Source "ChessBase"]
[SourceDate "2021.10.06"]
[SourceVersion "1"]
[SourceVersionDate "2021.10.06"]
[SourceQuality "1"]
[WhiteTeam "Leverkusen SC Bayer"]
[BlackTeam "Hitdorf SV Springer"]
[WhiteTeamCountry "GER"]
[BlackTeamCountry "GER"]

1. d4 Nf6 2. Nf3 d5 3. Bf4 c5 4. e3 Nc6 5. Bd3 Bg4 6. c3 e6 7. Nbd2 Bd6 8. dxc5 Bxc5 9. Qa4 0-0 10. b4 Bd6 11. b5 Ne7 12. 0-0 Ng6 13. Bg5 Bxf3 1/2-1/2

[Event "Mittelrhein Verbandsliga-N 18/19"]
[Site "Nordrheinwestfalen"]
[Date "2018.12.16"]
[Round "5.1"]
[White "Gallasch, Jonas"]
[Black "Kocur, Alois"]
[Result "1-0"]
[WhiteElo "2064"]
[BlackElo "2167"]
[PlyCount "101"]
[EventDate "2018.09.02"]
[EventType "team-tourn"]
[EventRounds "12"]
[EventCountry "GER"]
[SourceTitle "EXT 2022"]
[Source "ChessBase"]
[SourceDate "2021.10.06"]
[SourceVersion "1"]
[SourceVersionDate "2021.10.06"]
[SourceQuality "1"]
[WhiteTeam "Porz SG III"]
[BlackTeam "Hitdorf SV Springer"]
[WhiteTeamCountry "GER"]
[BlackTeamCountry "GER"]

1. Nf3 Nf6 2. c4 g6 3. d4 Bg7 4. g3 0-0 5. Bg2 d6 6. 0-0 Nc6 7. Nc3 Bg4 8. Ne1 e5 9. d5 Ne7 10. h3 Bc8 11. e4 Nd7 12. Nd3 f5 13. f3 b6 14. Be3 h6 15. Qd2 Kh7 16. Rac1 a5 17. a3 Nc5 18. Nxc5 dxc5 19. Na2 a4 20. Nc3 Bb7 21. Kh1 Nc8 22. exf5 gxf5 23. g4 Nd6 24. Qd3 Bc8 25. Bf2 Kh8 26. Bg3 h5 27. Qe2 hxg4 28. fxg4 Qg5 29. Bxe5 Bxe5 30. Qxe5+ Qg7 31. Qxg7+ Kxg7 32. gxf5 Bxf5 33. Rce1 Rae8 34. Nxa4 Bc2 35. Rxe8 Rxe8 36. Nc3 Bd3 37. Rd1 Bxc4 38. Kh2 b5 39. Rd2 b4 40. Na4 bxa3 41. bxa3 Nb7 42. Rb2 Ba6 43. Rb3 Re2 44. Rg3+ Kh7 45. Nc3 Rb2 46. Ne4 c4 47. h4 Rb3 48. Bf3 Nd6 49. Nf6+ Kh6 50. h5 Rb2+ 51. Bg2 1-0

[Event "Mittelrhein Verbandsliga-N 17/18"]
[Site "Nordrheinwestfalen"]
[Date "2017.09.10"]
[Round "1.1"]
[White "Wimmer, Juergen"]
[Black "Kocur, Alois"]
[Result "1/2-1/2"]
[WhiteElo "2229"]
[BlackElo "2158"]
[PlyCount "25"]
[EventDate "2017.09.10"]
[EventType "team-swiss"]
[EventRounds "11"]
[EventCountry "GER"]
[SourceTitle "EXT 2022"]
[Source "ChessBase"]
[SourceDate "2021.10.06"]
[SourceVersion "1"]
[SourceVersionDate "2021.10.06"]
[SourceQuality "1"]
[WhiteTeam "Dormagen SV"]
[BlackTeam "Hitdorf SV Springer"]
[WhiteTeamCountry "GER"]
[BlackTeamCountry "GER"]

1. d4 Nf6 2. c4 g6 3. Nc3 Bg7 4. e4 0-0 5. h3 c6 6. e5 Ne8 7. Nf3 d6 8. Bf4 Nd7 9. Qd2 dxe5 10. dxe5 Qa5 11. Ne4 Qxd2+ 12. Kxd2 f6 13. Re1 1/2-1/2

[Event "Mittelrhein Verbandsliga-M 16/17"]
[Site "Nordrheinwestfalen"]
[Date "2017.02.19"]
[Round "8.1"]
[White "Keller, Karsten"]
[Black "Kocur, Alois"]
[Result "1-0"]
[WhiteElo "2131"]
[BlackElo "2146"]
[PlyCount "65"]
[EventDate "2016.09.11"]
[EventType "team-tourn"]
[EventRounds "11"]
[EventCountry "GER"]
[SourceTitle "EXT 2022"]
[Source "ChessBase"]
[SourceDate "2021.10.06"]
[SourceVersion "1"]
[SourceVersionDate "2021.10.06"]
[SourceQuality "1"]
[WhiteTeam "Langenfeld II"]
[BlackTeam "Hitdorf SV Springer"]
[WhiteTeamCountry "GER"]
[BlackTeamCountry "GER"]

1. Nf3 Nf6 2. c4 g6 3. Nc3 Bg7 4. e4 d6 5. d4 0-0 6. Be2 e5 7. Be3 exd4 8. Nxd4 Re8 9. f3 Nc6 10. Qd2 Nh5 11. Nxc6 bxc6 12. g4 Nf6 13. h4 a5 14. 0-0-0 Rb8 15. c5 d5 16. Bg5 Qe7 17. Qf4 h6 18. Bxh6 Qxc5 19. Bxg7 Kxg7 20. e5 Ng8 21. h5 Qe7 22. Bd3 Qb4 23. Qd2 Rxe5 24. hxg6 fxg6 25. Qh2 Re3 26. Bxg6 Rxc3+ 27. bxc3 Qxc3+ 28. Bc2 Qb2+ 29. Kd2 Qb4+ 30. Ke3 Qe7+ 31. Kf2 Qc5+ 32. Kg3 Rb2 33. Qh8+ 1-0

[Event "Mittelrhein Verbandsliga-M 1112"]
[Site "Germany"]
[Date "2011.10.09"]
[Round "2.1"]
[White "Kocur, Alois"]
[Black "Huhndorf, Arnold"]
[Result "0-1"]
[WhiteElo "2191"]
[BlackElo "2241"]
[PlyCount "60"]
[EventDate "2011.09.18"]
[EventType "team-tourn"]
[EventRounds "11"]
[EventCountry "GER"]
[SourceTitle "EXT 2013"]
[Source "ChessBase"]
[SourceDate "2012.11.22"]
[SourceVersion "1"]
[SourceVersionDate "2012.11.22"]
[SourceQuality "1"]
[WhiteTeam "Hitdorf SV Springer"]
[BlackTeam "Koeln SF II"]
[WhiteTeamCountry "GER"]
[BlackTeamCountry "GER"]

1. e4 e6 2. d4 d5 3. Nd2 Nf6 4. e5 Nfd7 5. Bd3 c5 6. c3 Nc6 7. Ne2 cxd4 8. cxd4 f6 9. exf6 Nxf6 10. 0-0 Bd6 11. Nf3 Qc7 12. Nc3 a6 13. Bg5 0-0 14. Bh4 Nh5 15. Bg3 Nxg3 16. hxg3 g6 17. Rc1 Qg7 18. Bb1 g5 19. Re1 g4 20. Ne5 Bxe5 21. dxe5 Nxe5 22. Nxd5 exd5 23. Qxd5+ Nf7 24. Rc7 Qg5 25. Qe4 Qh5 26. Qe7 Bf5 27. Rc5 Nh6 28. Bxf5 Rxf5 29. Qe6+ Qf7 30. Qxh6 Rxc5 0-1

[Event "BL2-West 0708"]
[Site "Germany"]
[Date "2008.02.10"]
[Round "6.8"]
[White "Kocur, Alois"]
[Black "Peng, Zhaoqin"]
[Result "0-1"]
[WhiteElo "2286"]
[BlackElo "2419"]
[PlyCount "60"]
[EventDate "2007.10.21"]
[EventType "team-tourn"]
[EventRounds "9"]
[EventCountry "GER"]
[SourceTitle "EXT 2009"]
[Source "ChessBase"]
[SourceDate "2008.11.26"]
[SourceVersion "1"]
[SourceVersionDate "2008.11.26"]
[SourceQuality "1"]
[WhiteTeam "Solingen II"]
[BlackTeam "Emsdetten Turm"]
[WhiteTeamCountry "GER"]
[BlackTeamCountry "GER"]

1. e4 c5 2. Nf3 e6 3. d4 cxd4 4. Nxd4 Nc6 5. Nc3 Qc7 6. Be2 a6 7. 0-0 Nf6 8. Be3 b5 9. Nxc6 dxc6 10. f4 b4 11. e5 bxc3 12. exf6 cxb2 13. Rb1 gxf6 14. Rxb2 c5 15. Bc4 Rb8 16. Rxb8 Qxb8 17. f5 Qe5 18. Qd3 Be7 19. c3 Qd6 20. Qe4 exf5 21. Qf3 h5 22. Bf4 Qb6 23. Re1 Kf8 24. Qd3 Be6 25. Bb3 h4 26. Bh6+ Kg8 27. g3 h3 28. Bf4 Qc6 29. Re2 c4 30. Bc2 Bc5+ 0-1

[Event "Oberliga NRW 0607"]
[Site "Germany"]
[Date "2007.02.25"]
[Round "6.7"]
[White "Bruemmer, Frank"]
[Black "Kocur, Alois"]
[Result "1-0"]
[WhiteElo "2271"]
[BlackElo "2287"]
[PlyCount "97"]
[EventDate "2006.09.17"]
[EventType "team-tourn"]
[EventRounds "9"]
[EventCountry "GER"]
[SourceTitle "EXT 2008"]
[Source "ChessBase"]
[SourceDate "2007.11.25"]
[SourceVersion "1"]
[SourceVersionDate "2007.11.25"]
[SourceQuality "1"]
[WhiteTeam "Gescher"]
[BlackTeam "Solingen II"]
[WhiteTeamCountry "GER"]
[BlackTeamCountry "GER"]

1. d4 Nf6 2. Nf3 g6 3. Nc3 d5 4. Bf4 Bg7 5. Qd2 0-0 6. Bh6 c5 7. dxc5 Nc6 8. 0-0-0 Qa5 9. Bxg7 Kxg7 10. h4 h5 11. Qg5 Ne4 12. Qe3 f5 13. Nxe4 dxe4 14. Ng5 Qxa2 15. Qc3+ Kh6 16. b3 Qa3+ 17. Kb1 b6 18. e3 Qxc5 19. Qxc5 bxc5 20. Rd5 Bb7 21. Rxc5 Rad8 22. Bb5 Rd6 23. Kb2 a6 24. Bc4 Rd2 25. Bxa6 Ba8 26. Bb5 Rf6 27. Ra1 Bb7 28. Bxc6 Rxc6 29. Rxc6 Bxc6 30. Ra7 Bd7 31. Kc1 Rd5 32. c4 Rd3 33. Nf7+ Kg7 34. Ne5 Rxb3 35. Kc2 Rb4 36. Rxd7 Kf6 37. Kc3 Rb1 38. Nc6 Rc1+ 39. Kb3 Rf1 40. Rd2 e5 41. Rd6+ Kg7 42. Nxe5 Rxf2 43. Rxg6+ Kh7 44. Rg5 f4 45. Rxh5+ Kg7 46. Rg5+ Kh7 47. exf4 e3 48. Nd3 e2 49. Re5 1-0

[Event "BL2-West 0506"]
[Site "Germany"]
[Date "2006.03.12"]
[Round "8.7"]
[White "Kocur, Alois"]
[Black "Buscher, Michael"]
[Result "1/2-1/2"]
[WhiteElo "2292"]
[BlackElo "2314"]
[PlyCount "67"]
[EventDate "2005.10.23"]
[EventType "team-tourn"]
[EventRounds "9"]
[EventCountry "GER"]
[SourceTitle "EXT 2007"]
[Source "ChessBase"]
[SourceDate "2006.11.23"]
[SourceVersion "1"]
[SourceVersionDate "2006.11.23"]
[SourceQuality "1"]
[WhiteTeam "Solingen II"]
[BlackTeam "Bergheim"]
[WhiteTeamCountry "GER"]
[BlackTeamCountry "GER"]

1. e4 c5 2. Nf3 d6 3. d4 cxd4 4. Nxd4 Nf6 5. Nc3 Nc6 6. Be3 Ng4 7. Bb5 Nxe3 8. fxe3 Bd7 9. 0-0 e6 10. Bxc6 bxc6 11. Qf3 Qe7 12. e5 d5 13. e4 g6 14. exd5 exd5 15. b4 a6 16. Na4 Bg7 17. Nb6 Rb8 18. Nxd7 Qxd7 19. Qc3 0-0 20. Qxc6 Qa7 21. Qc5 Qxc5 22. bxc5 Bxe5 23. Rad1 Bxd4+ 24. Rxd4 Rb2 25. c4 dxc4 26. c6 Rb6 27. Rxc4 Rc8 28. Rfc1 Kf8 29. Kf2 Ke7 30. Kf3 Rc7 31. R4c2 Kd6 32. Rd1+ Ke7 33. Rdc1 Kd6 34. Rd1+ 1/2-1/2

[Event "BL2-West 0506"]
[Site "Germany"]
[Date "2006.01.29"]
[Round "6.7"]
[White "Kocur, Alois"]
[Black "Brendel, Oliver"]
[Result "1/2-1/2"]
[WhiteElo "2292"]
[BlackElo "2352"]
[PlyCount "91"]
[EventDate "2005.10.23"]
[EventType "team-tourn"]
[EventRounds "9"]
[EventCountry "GER"]
[SourceTitle "EXT 2007"]
[Source "ChessBase"]
[SourceDate "2006.11.23"]
[SourceVersion "1"]
[SourceVersionDate "2006.11.23"]
[SourceQuality "1"]
[WhiteTeam "Solingen II"]
[BlackTeam "Hofheim"]
[WhiteTeamCountry "GER"]
[BlackTeamCountry "GER"]

1. e4 c5 2. Nf3 g6 3. d4 cxd4 4. Nxd4 Nc6 5. Be2 Nf6 6. Nc3 Bg7 7. Nb3 0-0 8. 0-0 a5 9. a4 d5 10. exd5 Nb4 11. Bf3 Bf5 12. Nd4 Bc8 13. Ndb5 Bf5 14. Nd4 Bc8 15. Bg5 Nfxd5 16. Nxd5 Nxd5 17. Nb5 Be6 18. c3 h6 19. Bxd5 Bxd5 20. Bxe7 Qxe7 21. Qxd5 Rad8 22. Qf3 Rd2 23. Rfe1 Qf6 24. Qxf6 Bxf6 25. Rab1 Rfd8 26. Na3 Rxb2 27. Rxb2 Bxc3 28. Rbe2 Bxe1 29. Rxe1 Rd4 30. Nc2 Rxa4 31. Rb1 Rc4 32. Ne3 Rc7 33. Kf1 f5 34. Ke2 Kf7 35. Rb5 a4 36. Nd5 Rc2+ 37. Ke3 g5 38. Rxb7+ Ke6 39. Nb4 f4+ 40. Kf3 Rb2 41. h4 gxh4 42. Rb6+ Kf5 43. Rb5+ Kg6 44. Rb6+ Kf5 45. Rb5+ Kg6 46. Rb6+ 1/2-1/2

[Event "Oberliga NRW 0203 II"]
[Site "Germany"]
[Date "2003.02.16"]
[Round "6.6"]
[White "Kocur, Alois"]
[Black "Petzold, Klaus"]
[Result "1/2-1/2"]
[WhiteElo "2295"]
[BlackElo "2257"]
[PlyCount "54"]
[EventDate "2002.10.06"]
[EventType "team"]
[EventRounds "9"]
[EventCountry "GER"]
[SourceTitle "EXT 2004"]
[Source "ChessBase"]
[SourceDate "2003.11.25"]
[SourceVersion "1"]
[SourceVersionDate "2003.11.25"]
[SourceQuality "1"]
[WhiteTeam "Solingen II"]
[BlackTeam "Aachen"]
[WhiteTeamCountry "GER"]
[BlackTeamCountry "GER"]

1. e4 c6 2. c4 d5 3. exd5 cxd5 4. cxd5 Nf6 5. Nc3 Nxd5 6. d4 g6 7. Bb5+ Bd7 8. Qb3 Nb6 9. Nf3 Bg7 10. a4 0-0 11. Bxd7 Qxd7 12. a5 Nc8 13. 0-0 Nc6 14. Be3 Nd6 15. Rfd1 Rfc8 16. Ne5 Qd8 17. Nxc6 Rxc6 18. Bf4 Qd7 19. Be5 Rac8 20. Nd5 Nf5 21. h3 Rc4 22. Ne3 Nxe3 23. Qxe3 e6 24. Bxg7 Kxg7 25. d5 exd5 26. Qe5+ f6 27. Qxd5 Qxd5 1/2-1/2

[Event "Oberliga NRW 0102 I"]
[Site "Germany"]
[Date "2002.05.05"]
[Round "9.5"]
[White "Kocur, Alois"]
[Black "Schlehoefer, Ralf"]
[Result "1/2-1/2"]
[WhiteElo "2310"]
[BlackElo "2306"]
[PlyCount "25"]
[EventDate "2001.10.??"]
[EventType "team"]
[EventRounds "9"]
[EventCountry "GER"]
[SourceTitle "EXT 2004"]
[Source "ChessBase"]
[SourceDate "2003.11.25"]
[SourceVersion "1"]
[SourceVersionDate "2003.11.25"]
[SourceQuality "1"]
[WhiteTeam "Solingen II"]
[BlackTeam "Muelheim Nord"]
[WhiteTeamCountry "GER"]
[BlackTeamCountry "GER"]

1. e4 e5 2. Nf3 Nc6 3. Bb5 Bc5 4. c3 Nf6 5. d4 exd4 6. e5 Ne4 7. cxd4 Bb4+ 8. Nbd2 d5 9. h3 0-0 10. 0-0 Bf5 11. a3 Ba5 12. Bxc6 bxc6 13. b4 1/2-1/2

[Event "Oberliga NRW 9900 II"]
[Site "Germany"]
[Date "2000.04.21"]
[Round "8.7"]
[White "Kocur, Alois"]
[Black "Dehn, Marcus"]
[Result "1-0"]
[WhiteElo "2260"]
[BlackElo "2168"]
[PlyCount "91"]
[EventDate "1999.10.26"]
[EventType "team"]
[EventRounds "9"]
[EventCountry "GER"]
[SourceTitle "EXT 2001"]
[Source "ChessBase"]
[SourceDate "2000.11.22"]
[SourceVersion "1"]
[SourceVersionDate "2000.11.22"]
[SourceQuality "1"]
[WhiteTeam "Solingen II"]
[BlackTeam "Wuppertal"]
[WhiteTeamCountry "GER"]
[BlackTeamCountry "GER"]

1. e4 c6 2. c4 g6 3. Nc3 Bg7 4. d4 d6 5. Be2 e5 6. Nf3 Nd7 7. 0-0 Ngf6 8. Re1 0-0 9. Bf1 a6 10. Bg5 Re8 11. Qd2 Qc7 12. d5 c5 13. a3 Nh5 14. Bh6 Nf8 15. Bxg7 Nxg7 16. b4 b6 17. Rab1 Bg4 18. Be2 Bxf3 19. Bxf3 Rab8 20. Rb2 Rec8 21. bxc5 bxc5 22. Reb1 Nd7 23. Bg4 Rxb2 24. Rxb2 f5 25. Be2 Nf6 26. Qc2 fxe4 27. Qa4 Ra8 28. Qc6 Qxc6 29. dxc6 Ne6 30. Nd5 Nxd5 31. cxd5 Nc7 32. Rb7 Ne8 33. c7 Rc8 34. Rb8 Rxc7 35. Rxe8+ Kf7 36. Rb8 c4 37. Rb2 c3 38. Rc2 a5 39. f3 exf3 40. Bxf3 Kf6 41. Kf2 Kf5 42. Ke3 Rc4 43. Rf2 Rd4 44. g3 a4 45. h4 Rd2 46. Be2# 1-0

[Event "Oberliga NRW 9900 II"]
[Site "Germany"]
[Date "1999.11.22"]
[Round "2.6"]
[White "Kocur, Alois"]
[Black "Stillger, Bernhard"]
[Result "1-0"]
[WhiteElo "2260"]
[BlackElo "2375"]
[PlyCount "80"]
[EventDate "1999.10.26"]
[EventType "team"]
[EventRounds "9"]
[EventCountry "GER"]
[SourceTitle "EXT 2001"]
[Source "ChessBase"]
[SourceDate "2000.11.22"]
[SourceVersion "1"]
[SourceVersionDate "2000.11.22"]
[SourceQuality "1"]
[WhiteTeam "Solingen II"]
[BlackTeam "Muelheim Nord"]
[WhiteTeamCountry "GER"]
[BlackTeamCountry "GER"]

1. e4 c5 2. Nf3 Nc6 3. d4 cxd4 4. Nxd4 g6 5. Be2 Bg7 6. Nb3 Nf6 7. Nc3 0-0 8. 0-0 a5 9. a4 Nb4 10. Bg5 d5 11. exd5 Nbxd5 12. Nxd5 Nxd5 13. Bf3 Nf6 14. Qxd8 Rxd8 15. Rfd1 Re8 16. Nd4 Bg4 17. Bxf6 Bxf3 18. Nxf3 Bxf6 19. c3 Red8 20. Kf1 Kf8 21. Rxd8+ Rxd8 22. Ke2 e5 23. Ra3 Rc8 24. Nd2 Bd8 25. Rb3 b6 26. Kd3 f5 27. f3 Kf7 28. Rb5 Ke6 29. b3 Rc6 30. Nc4 Bc7 31. h3 h5 32. g4 hxg4 33. hxg4 Kf6 34. gxf5 gxf5 35. Ne3 Ke6 36. f4 exf4 37. Nxf5 Be5 38. Nd4+ Bxd4 39. cxd4 Kd7 40. Rf5 Rh6 1-0

[Event "Leverkusen 9899"]
[Site "Leverkusen"]
[Date "1998.12.30"]
[Round "5"]
[White "Balduan, Markus"]
[Black "Kocur, Alois"]
[Result "1/2-1/2"]
[WhiteElo "2320"]
[BlackElo "2260"]
[PlyCount "33"]
[EventDate "1998.12.??"]
[EventType "tourn"]
[EventRounds "9"]
[EventCountry "GER"]
[SourceTitle "EXT 2000"]
[Source "ChessBase"]
[SourceDate "1999.11.16"]
[SourceVersion "1"]
[SourceVersionDate "1999.11.16"]
[SourceQuality "1"]

1. Nf3 Nf6 2. c4 c5 3. Nc3 Nc6 4. g3 g6 5. Bg2 Bg7 6. 0-0 0-0 7. d3 d5 8. cxd5 Nxd5 9. Nxd5 Qxd5 10. Be3 Bxb2 11. Nd4 Qd7 12. Nxc6 Bxa1 13. Qxa1 bxc6 14. Bh6 Qd4 15. Bxf8 Qxa1 16. Rxa1 Kxf8 17. Bxc6 1/2-1/2